Visualizzazione normale
Vista MARC
- Karwacki Z.
di Personal Name
Records bibliografici associati: 1
001 - CONTROL NUMBER
- control field: 24905
003 - CONTROL NUMBER IDENTIFIER
- control field: IT-RoPau
005 - DATE AND TIME OF LATEST TRANSACTION
- control field: 20140514123543.0
008 - FIXED-LENGTH DATA ELEMENTS
- fixed length control field: 140514|| aca||aabn | a|a d
040 ## - CATALOGING SOURCE
- Original cataloging agency: IT-RoPau
- Transcribing agency: IT-RoPau
100 ## - HEADING--PERSONAL NAME
- Personal name: Karwacki Z.
- Dates associated with a name: Codice autore musica SPICS: 25448
- Relator term: Autore musica
- Name of part/section of a work: Razem Z Nami - Nie Chodz Do Domu
670 ## - SOURCE DATA FOUND
- Source citation: Work cat.: (IT-RoPau)102577: AA.VV. 794, Z Archiwum Polskiego Beatu, vol. 19 (Lp Sx 2527)